000
00268nam a2200121 a 4500
008
100917s1977|||| d
245
1
0
_a
Diplomati
100
1
_a
Dangulov, Savva
260
_b
Obzor
_a
Bratislava
_c
1977
020
_c
24
044
_a
xo
_c
SK
041
_a
slo
999
_c
10467
_d
10467